00718nam a2200217Ia 4500003000900000008004100009020001800050040001600068080002100084100001700105245013900122260004900261300000900310650004100319650003200360650002200392700001900414700002500433700002100458700002100479IN-BaIIA211028s9999 xx 000 0 eng d a3-923524-41-2 cIIA Library a083.8:524.5bACK aAcker, Agnes 0aStrasbourg-ESO catalogue of galactic planetary nebulaebpt. IcAgnes Acker…[et al.]  aGermanybEuropean Southern Observatoryc1992 a295p aAstronomy and Astrophysics Thesaurus aPlanetary Nebuale-Catalogue aPLanetary Nebulae aMarcout, James aOchsenbein, Francois aSchohn, Constant aTylenda, Romuald